000 01303nam a2200337 i 4500
003 EG-GICUC
005 20260314094718.0
008 260128s1986 ua |||fr|||| 00| 0 ara d
017 _a7792/86
020 _a9771000837
040 _a EG-GICUC
_bara
_c EG-GICUC
_d EG-GICUC
_erda
041 0 _aAra
082 0 4 _221
_a343.3
_bع ب . ج
092 0 4 _221
099 _aLaw1 10 343.3 ع ب . ج 1986
100 0 _aعبدالرحيم صدقى
_eمؤلف.
245 1 2 _aالجريمة والعقوبة فى الشريعة الإسلامية :
_bدراسة تحليلية لأحكام القصاص والحدود والتعزير /
_cتأليف دكتور عبدالرحيم صدقى.
264 1 _aالقاهرة :
_bمكتبة النهضة المصرية،
_c1986.
264 3 _aالقاهرة :
_bدار الشباب للطباعة،
300 _a320 صفحة؛
_c24 سم.
336 _2rda content
_atext
337 _2rda media
_aComputer
338 _2rda carrier
_aOnline Resource
546 _aالنص باللغة العربية
650 1 _aقانون الإجراءات الجنائية
_2qrmak
650 1 _aالقانون الجنائى
_2qrmak
651 1 _2qrmak
856 4 0 _uhttps://fll.law.cu.edu.eg/fulltext/bks/B10-08729.pdf
905 _a54
942 _2ddc
_cBK
_e21
_n0
999 _c60002
_d60002